Discrete mathematics and its applications / (Record no. 612211)
[ view plain ]
| 000 -LEADER | |
|---|---|
| fixed length control field | 00856nam a22001697a 4500 |
| 003 - CONTROL NUMBER IDENTIFIER | |
| control field | NUST |
| 005 - DATE AND TIME OF LATEST TRANSACTION | |
| control field | 20241030112921.0 |
| 008 - FIXED-LENGTH DATA ELEMENTS--GENERAL INFORMATION | |
| fixed length control field | 241030b ||||| |||| 00| 0 eng d |
| 082 ## - DEWEY DECIMAL CLASSIFICATION NUMBER | |
| Classification number | 511,ROS |
| 100 ## - MAIN ENTRY--PERSONAL NAME | |
| Personal name | Rosen, Kenneth H. |
| 9 (RLIN) | 17956 |
| 245 ## - TITLE STATEMENT | |
| Title | Discrete mathematics and its applications / |
| Statement of responsibility, etc. | Kenneth H. Rosen. |
| 260 ## - PUBLICATION, DISTRIBUTION, ETC. | |
| Place of publication, distribution, etc. | Boston : |
| Name of publisher, distributor, etc. | McGraw-Hill, |
| Date of publication, distribution, etc. | c2004 |
| 505 ## - FORMATTED CONTENTS NOTE | |
| Formatted contents note | The Foundations;Logic and Proof Sets and Functions (Page-1), The Fundamentals : Algorithms the Integers, and Matrices (Page-119), Mathematical Reasoning Induction and Recursion (Page-213), Counting (Page-301), Discrete Probability (Page-355), Advanced Counting Techniques (Page-401), Relations (Page-471), Graphs (Page-537), Trees (Page-631), Boolean Algebra ((Page-739). |
| 650 ## - SUBJECT ADDED ENTRY--TOPICAL TERM | |
| Topical term or geographic name entry element | Computer science -- Mathematics |
| 9 (RLIN) | 126608 |
| 651 ## - SUBJECT ADDED ENTRY--GEOGRAPHIC NAME | |
| Geographic name | Mathematics |
| 9 (RLIN) | 102247 |
| 942 ## - ADDED ENTRY ELEMENTS (KOHA) | |
| Source of classification or shelving scheme | |
| Koha item type | Book |
| Withdrawn status | Lost status | Source of classification or shelving scheme | Damaged status | Not for loan | Permanent Location | Current Location | Shelving location | Date acquired | Total Checkouts | Full call number | Barcode | Date last seen | Price effective from | Koha item type | Public note |
|---|---|---|---|---|---|---|---|---|---|---|---|---|---|---|---|
| Military College of Signals (MCS) | Military College of Signals (MCS) | General Stacks | 10/30/2024 | 511,ROS | MCS37512 | 10/30/2024 | 10/30/2024 | Book | Almirah No.10, Shelf No.4 |
